Del amor y la eternidad /

Guardado en:
Detalles Bibliográficos
Autor principal: González Torres, Enrique (autor)
Otros autores: Ruy Sánchez, Alberto (prólogo) (prólogo)
Formato: Libro
Idioma:Español
Publicado: México : Universidad Tecnológica del Valle de Chalco, 2010, c2010
Etiquetas: Agrega una etiqueta
Sin etiquetas, Sé el primero en etiquetar este registro!

MARC

LEADER 00000nam^a2200000^a^4500
001 000449645
005 20250521000000.0
009 20260310123728.263
037 |a Acervo Xavier Clavigero 
041 |a ESP 
091 |a FCA. 02973 
100 |a González Torres, Enrique  |e (autor) 
245 1 0 |a Del amor y la eternidad / 
264 4 |a México :  |b Universidad Tecnológica del Valle de Chalco,  |c 2010, c2010 
300 |a 170 p. 
336 |a texto  |b txt  |2 rdacontenido 
337 |a sin mediación  |b n  |2 rdamedio 
338 |a volumen  |b nc  |2 rdasoporte 
649 |a XX 
700 |a Ruy Sánchez, Alberto  |e (prólogo) 
910 |a Fondo Xavier Cacho Vázquez S.J. 
920 |a Impresos - Libros 
930 |a Fondos Especiales 
905 |a 131 
901 |a 0500374300  |b IT2  |c ESP  |i D  |u 20250521 
902 |a https://opac.biblio.iteso.mx/vufind/Record/000449645